เปลี่ยนเป็นภาษาไทย

Change to English
 แสดงรายละเอียดบรรณานุกรม
  กลับหน้าหลัก

Brief Record : Get Marc (ISO 2709) : E-mail record : QR code ปิดหน้าต่าง
LEADER 00000nam 2200000uu 4500
001    17564
003     ULIBM
008    020711s2536 th a 000 0 tha d
020    974-86026-2-1
060    WG100
100    สมชาติ โลจายะ,บุญชอบ พงษ์พาณิชย์ และ พันธ์ุพิษณุ์ สาครพันธ์
245    ตำราโรคหัวใจ และหลอดเลือด
250    พิมพ์ครั้งที่ 2
260    กรุงเทพฯ :^bยูนิตี้พับลิเคชั่น,^c2536
300    1161 หน้า
รายการนี้ยังไม่มีแท็ก
คุณยังไม่ได้ล็อกอิน คุณสามารถมีกิจกรรมร่วมกับเว็บไซต์ได้ แต่ต้องล็อกอินก่อน ::
  ล็อกอิน
ลำดับที่ ประเภท เลขเรียก/บาร์โค้ด สถานที่ สถานะ
1. นวนิยาย
นวนิยาย
WG100 2536  
  Barcode: 0002904
หนังสือทั่วไป On Shelf
   [แสดง 1/1 รายการ]

BibComment


ยังไม่เคยถูกคอมเมนท์

คอมเมนท์ทรัพยากรรายการนี้
  คอมเมนท์: ตำราโรคหัวใจ และห..
Bib 17564


 Union Library Management : ULibM
Copyright 2026. All Rights Reserved.